Football Ligue 1 : Les entraineurs champions de France - Statistiques

Statistiques générales
  • Ce quiz a été pris 291 fois
  • Le résultat moyen est 18 sur 30
Statistiques - réponses
Année Club Nationalité Entraîneur % Correct
2020 PSG Allemagne Thomas Tuchel
97%
2019 PSG Allemagne Thomas Tuchel
97%
2023 PSG France Cristophe Galtier
96%
2021 LOSC France Cristophe Galtier
96%
2016 PSG France Laurent Blanc
95%
2015 PSG France Laurent Blanc
95%
2014 PSG France Laurent Blanc
95%
2009 Bordeaux France Laurent Blanc
95%
2022 PSG Argentine Mauricio Pochettino
91%
2013 PSG Italie Carlo Ancelotti
89%
2018 PSG Espagne Unai Emery
86%
2010 OM France Didier Deschamps
82%
2017 Monaco Portugal Leonardo Jardim
77%
2011 LOSC France Rudi Garcia
62%
2012 Montpellier France René Girard
52%
1996 Auxerre France Guy Roux
48%
2000 Monaco France Claude Puel
40%
2005 OL France Paul Le Guen
39%
2004 OL France Paul Le Guen
39%
2003 OL France Paul Le Guen
39%
2007 OL France Gérard Houllier
36%
2006 OL France Gérard Houllier
36%
2008 OL France Alain Perrin
29%
2002 OL France Jacques Santini
26%
1994 PSG Portugal Artur Jorge
21%
1999 Bordeaux France Elie Baup
21%
1995 Nantes France Jean-Claude Suaudeau
21%
2001 Nantes France Raynald Denoueix
20%
1998 Lens France Daniel Leclercq
19%
1997 Monaco France Jean Tigana
15%
Aucun quiz correspondant
Distribution des résultats
% des personnes avec chaque résultat
Percentile par nombre de réponses
Votre historique - résultats
Vous n’avez pas pris ce quiz